[Event "Dortmund SuperGM 25th"]
[Site "Dortmund"]
[Date "1997.07.04"]
[Round "1"]
[White "Kramnik, Vladimir"]
[Black "Karpov, Anatoly"]
[Result "1-0"]
[WhiteElo "2770"]
[BlackElo "2745"]
[Annotator "Ribli,Z"]
[PlyCount "77"]
[EventDate "1997.07.04"]
[EventType "tourn"]
[EventRounds "9"]
[EventCountry "GER"]
[EventCategory "18"]
[SourceTitle "CBM 060"]
[Source "ChessBase"]
[SourceDate "1997.09.29"]
[SourceVersion "1"]
[SourceVersionDate "1997.09.29"]
[SourceQuality "1"]

1. Nf3 {Ftacnik Kramnik} Nf6 2. c4 b6 3. g3 Bb7 4. Bg2 e6 5. O-O Be7 6. Re1 {
Das ist Kramniks Lieblingsvariante, und er ist wirklich sehr erfolgreich mit
diesem Zug.Wenn Weiss jetzt 6.d4 spielt, dann haben wir eine Grundstellung der
Damenindischen Verteidigung.} O-O 7. Nc3 d5 (7... Bb4 8. Qc2 Bxc3 9. bxc3 Nc6 {
Greenfeld,A-Kortschnoj,V Beersheba 1990 CBM/15}) (7... Ne4 $5 8. Nxe4 Bxe4 9.
d3 Bb7 10. e4 (10. d4 Be4 11. d5 (11. Nh4 f5 (11... Bxg2 12. Nxg2 d5 (12... d6
13. e4 Nd7 14. d5 Bf6 15. Nf4 Qe7 16. a4 a5 17. Nh5 Rfe8 18. Ra3 Qf8 19. f4 Bd8
20. g4 g6 21. Ng3 {Vaganian,R-Dokhoian,Y/Tilburg 1994/1-0 (60)}) 13. Qa4 dxc4
14. Qxc4 c5 15. dxc5 Bxc5 16. Be3 Nd7 {1/2-1/2 Savchenko,S-Tiviakov,S/World
Cities 1997})) (11. Bf4 $5 Bf6 12. Qd2 d6 13. Rad1 Nd7 14. Qe3 d5 $6 (14... Bb7
15. Qd3 g6 $10) 15. b4 $14 {1/2-1/2 Hjartarson,J-Stefansson,H/ISL-ch plof 1995
(26)}) 11... Bf6 (11... exd5 12. cxd5 Bf6 13. Nd2 Bxg2 14. Kxg2 Re8 15. Rb1 {
1/2-1/2 Petrosian,T-Portisch,L/Palma de Mallorca cqf 1974 (21)}) 12. Nd2 Bxg2
13. Kxg2 d6 14. Ne4 Nd7 15. Qc2 Nc5 16. Nxc5 bxc5 17. dxe6 {1/2-1/2 Portisch,
L-Karpov,A/Milano 1975}) 10... c5 11. d4 cxd4 12. Nxd4 Nc6 (12... d6 13. b3 a6
14. Bb2 Re8 15. Rc1 Nd7 16. Qe2 Rc8 {Spraggett,K-Arencibia,W/Capablanca Elite
1997/1/2-1/2 (75)}) 13. Bf4 Bc5 14. Nxc6 Bxc6 15. Bd6 Bxd6 16. Qxd6 Qb8 17.
Rad1 Qxd6 18. Rxd6 Rfd8 19. Red1 Kf8 {Ibragimov,I-Tiviakov,S/RUS-ch m1-2 1997/
1/2-1/2 (54)}) 8. cxd5 Nxd5 (8... exd5 9. d4 {-> E 17}) 9. e4 Nxc3 10. bxc3 Nc6
{Ivanchuk, V} (10... c5 11. d4 {siehe A30 auch} Nd7 $5 12. Bf4 $36 {Anand,
V-Tiviakov,S/Wijk/1996/CBM51/INF65,34/}) 11. d4 Na5 12. h4 $5 $146 {Das ist
-glaube ich- eine vorbereitete Neuerung von Kramnik. Weiß gewinnt Raum am
Königsflügel und schafft die Grundlage für einen Angriff.} (12. Bf4 Rc8 (12...
Bd6 13. Ne5 Qe8 (13... Qe7 14. Qg4 f6 15. Nf3 Ba3 16. Bc1 Rae8 17. Nh4 {
1-0 Kramnik,V-Ivanchuk,V/6th Amber Blind 1997 (40)}) 14. Nd3 Rd8 15. Qg4 Kh8
16. e5 Be7 17. Bxb7 Nxb7 18. Bg5 Bxg5 19. Qxg5 h6 20. Qg4 {Akopian,V-Salov,V/
Madrid 1997/1-0 (55)}) 13. h4 Bd6 14. Bg5 Qe8 15. a4 Kh8 16. Nd2 f6 17. Be3 e5
18. Nb3 Nxb3 19. Qxb3 a5 20. d5 Ba6 21. Bf1 Bxf1 22. Rxf1 f5 23. exf5 Rxf5 {
1/2-1/2 Jackelen,T-Pezerovic,E/BL9394 1994 (28)}) (12. Ne5 Bd6 13. f4 Qe8 14.
Be3 Rd8 15. Bf2 c5 16. Qe2 Qa4 {1/2-1/2 Kramnik,V-Karpov,A/6th Amber Rapid
1997 (36)}) (12. Qc2 c5 13. d5 exd5 14. exd5 Bf6 15. Rd1 Re8 16. Nd2 Be5 17.
Nf3 Bf6 18. Nd2 Be5 19. Nf3 {1/2-1/2 Gelfand,B-Karpov,A/Credit Suisse 1997})
12... Re8 {/\ c7-c5} (12... c5 $5 {Nach meiner Meinung ist das die
prinzipielle Antwort. Die Regel lautet: Wenn der Gegner eine Aktion am
Königsflügel beginnt, muß man im Zentrum aktiv dagegen halten.} 13. d5 exd5 14.
exd5 Bxd5 $4 15. Rxe7 Qxe7 16. Qxd5 $16 (16. Qxd5 {Kramnik} Rad8 17. Bg5)) (
12... Rc8 $5) 13. h5 (13. Ng5 $5 {Kramnik} h6 14. Nh3) 13... h6 (13... c5 14.
h6 g6 (14... g6 {Kramnik} 15. Bf4 {>< g7})) 14. Ne5 $14 {Weiß hat ein starkes
Zentrum und Angriffsmöglichkeiten am Königsflügel.} Bd6 (14... c5 $6 {Kramnik}
15. d5 (15. Qg4 {Ftacnik} Bf6 16. Bxh6 cxd4 17. Bxg7 $1 Bxg7 18. h6 Qf6 19.
Qxg7+ Qxg7 20. hxg7 dxc3 21. Rac1 Rac8 22. Re3 $11) (15. Be3 Nc6)) (14... f6 $6
{Kramnik >< g6}) 15. Bf4 (15. Nd3) 15... Qe7 16. Qg4 $36 {Droht 17.Bxh6.Ribli.}
Kh8 17. Nd3 Rad8 (17... Bxf4 {Ftacnik} 18. gxf4 {xg7}) 18. Rad1 $5 {Weiß
bringt seine letzte Reserve ins Spiel.} (18. e5 Ba3 19. Bxb7 Nxb7 20. Qf3 c5
$11) 18... Bc6 $6 (18... Bxf4 19. Qxf4 $14 (19. Nxf4 e5 20. Nd5 Qd6 $11) (19.
gxf4 {Kramnik /\ Re1-e3-g3; /\ f4-f5})) (18... c5 {Kramnik} 19. Bxd6 (19. d5 $5
e5) 19... Qxd6 (19... Rxd6 20. dxc5 bxc5 21. Ne5 Red8 $2 22. Rxd6 Rxd6 23. Qf4
Kg8 24. Nxf7 $18) 20. Ne5 $14 (20. dxc5 $5 $14)) (18... c5 $1 $132 {Ftacnik})
19. e5 {Weiß hat alle prophilaktischen Züge gemacht. Jetzt muß er etwas
Konkretes macheni.} Ba3 20. Bxc6 Nxc6 {Weiß hat positionellen Druck am
Königsflügel, aber er hat Schwächen auf den weißen Felden. Schwarz hat
Probleme mit seinen Leichtfiguren, und er hat keine konkreten strategischen
Zielpunkten.} 21. Re4 {[%cal Ge4h4]} Qd7 (21... Na5 {Kramnik /\ c7-c5<=>}) (
21... f5 $2 {Ftacnik} 22. exf6 Qxf6 23. Rde1 $18) 22. Qf3 (22. Bc1 $6 {Es ist
nicht logisch, diesen Angriffs-Läufer zu tauschen, solange Weiß am
Königsflügel Angriff hat.} Bxc1 23. Rxc1 Ne7) 22... Bf8 (22... Ne7 {Kramnik}
23. Bxh6 $1 (23. Bxh6 {Ftacnik} gxh6 24. Qf6+ Kh7 25. Qxf7+ Kh8 26. Nf4 Rg8 27.
Nxe6 $16)) (22... Qd5 {Ftacnik} 23. Bxh6 f5 24. exf6 gxh6 25. f7 $18) 23. Be3 {
>< f7} (23. g4 $2 {Kramnik} Ne7 24. g5 Nf5 $1) 23... Na5 {[%cal Ga5c4] Der
schwarze Springer zielt nach c4. Aber was will er dort? Wenn er den Laeufer
auf e3 nimmt, dann hat Weiss ein superstarkes Bauernzentrum.} (23... Qd5 $5 {
[%csl Gd5] Schwarz hat noch keine Drohungen, aber seine Dame steht aktiv im
Zentrum.} 24. Rf4 Qxf3 25. Rxf3 Kg8) (23... Kg8 {Ftacnik} 24. Rg4 $16) 24. g4
Nc4 25. g5 Nxe3 (25... hxg5 {Ftacnik} 26. Bxg5 Be7 27. Bxe7 Qxe7 28. Rg4 $16)
26. fxe3 {<-> f} (26. Qxe3 {Kramnik} hxg5 27. Qxg5 $16) 26... hxg5 (26... c5
27. gxh6 gxh6 28. Rf4 {[%csl Rf7][%cal Rf4f7]}) 27. Rg4 {Weiß hat einen Bauern
geopfert, und Schwarz hat kein Gegenspiel. Ich erwähne, daß alle weißen
Figuren am Angriff teilnehmen. Schwarz kann sich nicht verteidigen, weil zu
wenig Raum für seine Figuren hat.} (27. Rf1 $2 {Kramnik} Qc6 $1) 27... Qe7 (
27... Be7 28. Qxf7 $16 (28. Qxf7 {Ftacnik} Rf8 29. Qg6 Rf5 30. h6 $16)) 28. Rf1
{[%csl Rf7]} Rd7 (28... Kg8 {Ftacnik} 29. Qg3 (29. Nb4 Rd7 30. Nc6 Qa3 31. Rxg5
Qxc3) 29... f6 30. h6 c5 31. hxg7 Bxg7 32. exf6 Bxf6 33. Ne5 $16) 29. Qg3 {
[%csl Rg5]} (29. Nf2 $2 {Kramnik} f5 $1) 29... f6 (29... Qa3 30. Rxg5 Qxc3 31.
Nf4 $40 {[%csl Rh8]}) 30. e4 {Schwarz befindet sich praktisch in Zugzwang. Ich
kann keinen guten Plan für Schwarz empfehlen.} (30. h6 $5 {Kramnik} gxh6 (30...
Qd8 $1 {Ftacnik}) 31. exf6 Qh7 32. Ne5 Rd5 33. e4 Ra5 $40) 30... Qa3 (30... Qd8
{Kramnik} 31. h6 $1 (31. exf6 gxf6 32. e5 f5 (32... Be7 {Ftacnik} 33. exf6 Bxf6
34. Ne5 Rh7 35. Nc6 Qa8 36. Rxf6 Qxc6 37. Qe5 $1 $18) 33. Rxg5 Qxg5 $1 34. Qxg5
Rg7) 31... gxh6 (31... c5 32. hxg7+ Bxg7 33. exf6 Bxf6 34. e5 Bg7 35. Rxg5 $40
cxd4 36. Rh5+ Kg8 37. Qg6) 32. exf6 {/\ Nd3-e5-g6}) (30... c5 $5 {Kramnik} 31.
h6 (31. exf6 gxf6 32. Nf4 Kh7 33. Ng6 Qd8) 31... cxd4 (31... gxh6 32. exf6 Qh7
33. Ne5 {/\ f6-f7+-}) 32. hxg7+ Bxg7 33. Nf4 $1 gxf4 34. Qh4+ Kg8 (34... Bh6
35. Qxh6+ Qh7 36. Qxf6+ Rg7 37. Kf2 $1 $18 Qh2+ 38. Ke1) 35. exf6 Qc5 (35...
Qf8 36. fxg7 Rxg7 37. Rfxf4 $18) (35... Qd8 36. Qh6 Ree7 (36... Qc7 37. Kh1 $18
) 37. cxd4 (37. Rfxf4 dxc3 38. fxg7 Rxg7 39. Qxe6+ Kh7) (37. Kh1 $5 $16) 37...
Rf7 38. fxg7 (38. Rfxf4 $5 Rc7) 38... Rxg7 39. Qxe6+ Rdf7 40. Rxg7+ Kxg7 41.
Qe5+ Kg8 42. Rf2 $16) 36. Kh1 Rf8 (36... Ree7 37. fxe7 Rxe7 38. cxd4 $18) 37.
Rfxf4 $1 (37. fxg7 Rxg7 38. Rxg7+ Kxg7 39. Qg4+ (39. Rg1+ Kf7 40. Qxf4+ Ke8 41.
Qb8+ Ke7 $11) 39... Kh8 $8 40. Rg1 Qc7 41. Rg2 f3 $1 42. Rh2+ Qxh2+ 43. Kxh2 f2
$11) 37... dxc3 (37... Qxc3 38. fxg7 Qc1+ 39. Rg1 $18) (37... Rff7 38. fxg7
Rxg7 39. Rxg7+ Rxg7 40. Qd8+ Kh7 41. Rh4+ Kg6 42. Qe8+ Kf6 43. Rh6+ Ke5 44.
Qxe6+ Kf4 45. Qf6+ Kxe4 46. Qxg7 $18) (37... Rxf6 38. Qxf6 Qh5+ 39. Kg2 $18)
38. Rxg7+ Rxg7 39. fxg7 Kxg7 (39... Rxf4 40. Qh8+) 40. Qg3+ Kh6 41. Rh4+ $18)
31. exf6 Qxc3 (31... gxf6 32. Nf4 {[%cal Gf4g6]} (32. e5 {Kramnik} f5 (32...
Qxc3 $6 33. exf6) 33. Rxg5 Bh6 (33... Rg7 34. Nf4 Rxg5 35. Qxg5 $40 Qxc3 $6 36.
Kh1 $1 Qc6+ 37. d5 $1 exd5 38. Ng6+ Kh7 39. Nxf8+ Rxf8 40. Qe7+ Kg8 41. Rg1+)
34. Rg6 Rh7 35. Rf2 $1 Qf8 (35... Qxc3 36. Rg2 Qxd4+ 37. Kf1 Qd8 38. Rxh6 $18)
36. Rg2 $5 $40) (32. Rxf6 $5 Bg7 33. Ne5) 32... gxf4 $2 (32... Kh7 33. Nh3 $40)
(32... Bg7 {Ftacnik} 33. Ng6+ Kh7) 33. Rg8+ Kh7 34. Qg6#) 32. f7 (32. Ne5 {
Ftacnik} Qxg3+ 33. Rxg3 Rxd4 34. Nf7+ Kg8 35. Nxg5 $13) 32... Rc8 $6 (32...
Qxd4+ $5 {Das ist die einzige Gegenchance für Schwarz.} 33. Kh1 (33. Kg2 {
Ftacnik} Rc8 34. Ne5 $16) 33... Rc8 34. Ne5 Rd6 35. Ng6+ Kh7 {Und Weiß hat
gefährlichen Angriff, aber es ist nicht klar, wie er ihn vollenden soll. Etwas
Konkretes vermag ich nicht zu sehen.}) (32... Red8 {Kramnik} 33. Ne5 (33. d5 $5
) 33... Qxg3+ (33... Qxd4+ 34. Kh1 $18) 34. Rxg3 Rxd4 35. Nc6 $18) (32... Ree7
{Ftacnik} 33. Ne5 Qxd4+ 34. Kh1 $16) 33. d5 exd5 (33... Bd6 34. dxe6 Bxg3 35.
f8=Q+ (35. exd7 $2 Qd4+ (35... Rf8 $2 36. d8=Q Rxd8 37. f8=Q+ Rxf8 38. Rxf8+
Kh7 39. Rxg3) 36. Kg2 Rf8 37. Rxg3 Qxe4+ $17) 35... Rxf8 36. Rxf8+ Kh7 37. exd7
Qd4+ 38. Kg2 Qxd7 39. Rxg3 $18) (33... Re7 {Ftacnik} 34. Ne5 $16) 34. e5 $16 {
Das weiße Übergewicht am Königsflügel muß die Partie entscheiden.} c5 (34...
Qc6 {Ftacnik} 35. Rxg5 Qh6 36. Rf6 Qh7 (36... gxf6 37. Rg8+ Kh7 38. Rh8+ $1)
37. h6 $18) 35. Rf3 $138 (35. Rxg5 $142 {Kramnik} c4 (35... Qd4+ 36. Kh2 Qe4
37. h6 Qh7 38. Qh3 g6 39. Nf4) 36. h6 g6 37. Rxg6 Qxd3 38. Rg8+ Kh7 39. Rh8+
Kxh8 40. Qg8#) 35... c4 36. Nf2 Qe1+ (36... Qc1+ {Kramnik} 37. Kg2 c3 (37...
Be7 38. e6 Rd6 39. Qe5 $18 {/\h5-h6}) 38. Rxg5 c2 39. h6 Qxg5 40. Qxg5 c1=Q 41.
hxg7+ Bxg7 42. Rh3+ Bh6 43. Rxh6#) 37. Kg2 Be7 (37... c3 {Kramnik} 38. Rxg5 c2
39. h6 c1=Q (39... g6 40. Rxg6 $18) 40. hxg7+ Bxg7 41. Qh3+ Bh6 42. Qxh6#) (
37... Re7 {Ftacnik} 38. Rxg5 Kh7 39. Rxg7+ $1 Bxg7 40. Qg6+ Kh8 41. h6 $18) 38.
Rxg5 $1 Bxg5 39. f8=Q+ {Und Schwarz muß aufgeben. Er verliert Material, und
der weiße Angriff geht weiter. Eine gute Angriffspartie von Kramnik.} (39.
f8=Q+ {Kramnik} Rxf8 40. Rxf8+ Kh7 41. Qxg5 (41. Qxg5 {Ftacnik} Qb1 42. e6 $18)
) 1-0

[Event "Madrid Magistral 7th"]
[Site "Madrid"]
[Date "1998.05.11"]
[Round "1"]
[White "San Segundo Carrillo, Pablo"]
[Black "Illescas Cordoba, Miguel"]
[Result "1/2-1/2"]
[WhiteElo "2505"]
[BlackElo "2600"]
[Annotator "Ribli,Z"]
[PlyCount "96"]
[EventDate "1998.05.11"]
[EventType "tourn"]
[EventRounds "9"]
[EventCountry "ESP"]
[EventCategory "17"]
[SourceTitle "CBM 065"]
[Source "ChessBase"]
[SourceDate "1998.08.06"]
[SourceVersion "1"]
[SourceVersionDate "1998.08.06"]
[SourceQuality "1"]

1. Nf3 Nf6 2. c4 e6 3. Nc3 Bb4 4. Qc2 {Nach meiner Meinung sind der Textzug
und seine Alternative 4.g3 die besten Möglichkeiten für Weiß. Ribli.} (4. g4 h6
$1 $13) 4... O-O 5. a3 Bxc3 6. Qxc3 b6 {Weiß besitzt das Läuferpaar, aber die
schwarze Stellung ist fest und der Nachziehenden hat keinerlei
Entwicklungsprobleme. Der Damenläufer auf b7 spielt eine wichtige Rolle.} 7. b4
Bb7 8. Bb2 d6 9. e3 {Die andere Läuferentwicklung wäre 9.g3 und 10.Bg2.} Nbd7
10. Be2 e5 {[%csl Rb2] Dieser Zug richtet sich gegen den Läufer auf b2.
Schwarz möchte eine schwarzfeldrige "Betonstellung" errichten und so die
Beweglichkeit des Läufers auf b2 einschränken.} (10... c5 11. O-O Qe7 12. d3
Rac8 13. b5 a5 $5 (13... Rfe8 14. a4 a5 15. bxa6 Bxa6 16. Rfb1 Ra8 17. Qc2 Bb7
18. Bc3 Bc6 19. a5 bxa5 20. Bxa5 Rec8 {Kasparov,G-Hjartarson,J/Reykjavik TV
rapid 1995/1/2-1/2 (53)}) 14. e4 d5 $13 {Ftacnik,L-Rozentalis,E/Moscow olm/
CBM45/INF62,12/}) 11. d3 Re8 (11... Ng4 $6 12. O-O Qe7 13. d4 f6 14. c5 $1 $16
{Ree,H-Langeweg,K/Nederland ch/1984/INF38,20/}) (11... Qe7 12. O-O h6 $6 13.
Nh4 $1 d5 14. cxd5 Nxd5 15. Qc4 Rfd8 16. Bf3 c6 17. Nf5 Qf6 18. Ng3 $16 {
Smyslov,V-Sunye_Neto,J/Las Palmas izt/1982/INF34,24/}) 12. O-O a6 (12... c5 13.
Nd2 Rc8 $5 14. e4 Nf8 15. f4 Ne6 16. fxe5 Nd4 17. Rae1 dxe5 18. Nb3 Rc7 $1 19.
Nxd4 exd4 20. Qd2 Nd7 21. Rf5 Ne5 22. Qf4 Rce7 23. bxc5 bxc5 24. Bc1 Bc8 25.
Rg5 {= Chekhov,V-Tunik,G/Orel 1995 (26)}) 13. e4 c5 $11 {Das weiße Läuferpaar
ist ohne große Bedeutung gegen die solide schwarze Stellung.} 14. a4 $6 {
Weiß droht jetzt, 15.a5 mit aktivem Spiel am Damenflügel zu spielen, aber
Schwarz kann die Stellung geschlossen halten.} (14. Qb3 $5) (14. Rab1 $5) 14...
a5 {Natürlich verhindert Schwarz den möglichen weißen Raumgewinn mit 15.a5.}
15. b5 (15. bxa5 bxa5 $11 (15... Rxa5 16. Nd2 $11)) 15... Nf8 {[%csl Yd4][%cal
Gf8e6,Ge6d4] Der schwarze Springer strebt nach d4.} 16. Rae1 Ne6 {[%cal Ye6d4,
Ye6f4] Der e6-Springer hat gute Perspektiven, während sein Gegenüber auf f3
recht unglücklich steht.} 17. Bd1 {Es ist schwierig, ein gutes Feld für den
Läufer zu finden.} h6 18. Bc1 Nh7 {Schwarz hat freie Hand am Königsflügel und
möchte nach Vorbereitungen ...f7-f5 ziehen. Es scheint, daß in dieser
geschlossenen Partie Springer besser als Läufer sind.} 19. Nd2 Qg5 {[%csl Gb7,
Ge6,Rg1,Gg5]} 20. Re3 (20. Nf3 {[%csl Rf3]} Qf6 $15) 20... Nf4 21. g3 (21. Rg3
Qf6 $15 {[%csl Rg3]}) 21... Ne6 22. Nf3 Qf6 $15 {Der schwarze Plan ist klar.
Er möchte ...f7-f5 ziehen, während Weiß praktisch nur abwarten kann.} 23. Ne1
Qg6 24. Ng2 Nd4 {[%csl Gd4] Der schwarze Springer d4 dominiert das Brett.} 25.
Nh4 Qf6 26. Qe1 {Weiß möchte f2-f4 ziehen, das geht aber nicht sofort:} (26. f4
exf4 27. Rxf4 Ne2+ $19 {[%cal Rf6c3,Re2g1]}) 26... g5 {Schwarz ist sehr
konsequent. Er spielt weiter seine schwarzfeldrige Strategie. Der Springer
weichen, wonach der Vorstoß ...f7-f5 noch stärker wird.} 27. Ng2 Qg6 28. f4 f5
$1 {[%csl Gb7,Gd4,Rg1]} 29. fxg5 (29. exf5 Nxf5 {[%csl Gb7][%cal Gb7h1]} 30.
Re2 exf4 31. gxf4 Nh4 $17 (31... g4 32. Nh4 $13)) 29... hxg5 (29... Nxg5 $6 30.
Nh4 Qh7 31. Bh5 $13 (31. Nxf5 Nh3+ 32. Kg2 Nxf5 33. Rxf5 $2 Qxf5 {[%cal Gb7g2]}
) (31. exf5 $4 {[%csl Rg1][%cal Rb7h1]} Nh3#)) 30. exf5 {Weiß muß so spielen,
sonst wird 30...f4 zu stark.} Nxf5 31. Re2 Nd4 32. Ref2 {Weiß opfert einen
Bauern, um im Trüben zu fischen.} (32. Re3 Rf8 $40 {[%csl Gb7,Gd4,Rg1]} (32...
g4 33. Nh4 Qe6 (33... Ng5 34. Bxg4 $16 (34. Nxg6 Nh3#)))) 32... Qxd3 $17 33.
Rf7 Be4 {[%csl Gd3,Gd4,Ge4]} (33... Bxg2 34. Kxg2 Rf8 35. Rxf8+ Rxf8 36. Rxf8+
Kxf8 (36... Nxf8 37. Bxg5 Qxc4 $17) 37. Qf1+ Qxf1+ 38. Kxf1 Ke7 $17 {Schwarz
hat einen Mehrbauern, aber das Läuferpaar bietet dem Weißen eventuell
Gegenchancen.}) 34. h4 (34. Ne3 Rf8 $17 (34... Bg6 35. Rb7 Rab8 $17)) 34... Rf8
$6 (34... Nf5 $1 $19 {[%csl Rf7] und der weiße f7-Turm befindet sich in großer
Not.}) 35. Rxf8+ Rxf8 36. Rxf8+ Nxf8 (36... Kxf8 37. Ne3 (37. Bxg5 Nxg5 38.
hxg5 Bf3 $1 39. Ne3 Bxd1 $19) 37... gxh4 38. gxh4 Nf6 $17) 37. Bxg5 {[%csl Gg5]
[%cal Yg5d8,Yd8a5]} Bf3 (37... Nf3+ 38. Bxf3 Qxf3 39. Qf2 $15) 38. Ne3 Nfe6 39.
Qf1 Qe4 (39... Qxf1+ 40. Kxf1 Nxg5 41. hxg5 Bxd1 42. Nxd1 $13 {[%cal Rd1e3,
Re3d5,Rd5b6] Schwarz hat auch Schwächen - z.B. den Bauern auf b6.}) (39... e4
40. Qxd3 exd3 41. Be7 $13 {[%csl Rd6]}) 40. Bxf3 Nxf3+ 41. Kf2 Nexg5 (41...
Ned4 $5 $36 {[%csl Gd4,Ge4,Rf2,Gf3]} 42. Qh3 $2 Nxg5 43. hxg5 Qf3+) 42. hxg5
Nxg5 43. Ke2 $1 $15 {Weiß hat einen Bauern weniger, aber seine Dame steht
aktiv in der f-Linie. Wenn sie eindringen kann, droht ewiges Schach.} Qh7 (
43... Ne6 44. Qf6 {[%csl Gf6,Rg8]} Nd4+ 45. Kf2) (43... Kg7 44. Qf5 $1 Qxf5 45.
Nxf5+ Kg6 46. Nxd6 $14 {[%csl Rb6]}) 44. Qf5 Qh2+ 45. Kd1 Qxg3 (45... Qh1+ 46.
Ke2) 46. Qg6+ $11 Kh8 (46... Kf8 47. Qxd6+ $11 {[%csl Rf8]}) 47. Qf6+ Kh7 48.
Qe7+ Kg8 {Und es wurde Remis vereinbart, denn Schwarz kann Dauerschach nicht
verhindern.} (48... Kg6 49. Qe8+ Kh7 50. Qe7+ $11) 1/2-1/2